ERDEMLER-2 EBEVEYN VE ÖĞRETMEN REHBERİ (Record no. 1299355)
[ view plain ]
| 000 -LEADER | |
|---|---|
| sabit uzunluktaki kontrol alanı | 00274nam a2200097Ia 4500 |
| 001 - KONTROL NUMARASI | |
| kontrol alanı | 1299355 |
| 005 - EN SON İŞLEMİN TARİH VE ZAMANI | |
| kontrol alanı | 20260417170343.0 |
| 008 - SABİT-UZUNLUKTA VERİ ÖĞELERİ--GENEL BİLGİ | |
| sabit uzunluktaki kontrol alanı | 260417s9999 xx 000 0 und d |
| 245 #0 - ESER / YAZAR | |
| ESER ADI | ERDEMLER-2 EBEVEYN VE ÖĞRETMEN REHBERİ |
| Yazar Adı | Necla SAYDAM |
| 260 ## - YAYIN, DAĞITIM, VB. | |
| YAYIN EVİ | TİMAŞ ÇOCUK YAYINLARI |
| Düşüm durumu | Kayıp durumu | Hasar Durumu | Ödünç verilmez | Ana kütüphane | Geçerli Kütüphane | Edinilen tarih | Toplam ödünç verme sayısı | Barkod | Son görüntüleme tarihi | Fiyatın geçerli olmaya başladığı tarih | Koha materyal türü |
|---|---|---|---|---|---|---|---|---|---|---|---|
| SULTAN MESUT İLKOKULU | SULTAN MESUT İLKOKULU | 17.04.2026 | 10454106 | 17.04.2026 | 17.04.2026 | Books |